| 000 | 00716naa a2200229 4500 | ||
|---|---|---|---|
| 005 | 20251208150940.0 | ||
| 010 | _aENG-147282 | ||
| 020 |
_a9788183333917 _c450.00 |
||
| 035 | _aEN-130814 | ||
| 037 | _bDBAD | ||
| 082 |
_a005.1 _21 |
||
| 100 |
_aGerber, Richard _985912 |
||
| 245 |
_aThe Software Optimization Cookbook/ _cRichard Gerber...[et.al] |
||
| 260 |
_aNew Delhi _bBPB Publications _c2010 |
||
| 270 |
_aB-14, Cannught Place, _bNew Delhi _e110001 |
||
| 300 |
_axii, 404p. _c25cm(pb) |
||
| 500 | _aIncludes index | ||
| 700 |
_aAart J.C BIk _eAuthor _985913 |
||
| 700 |
_aKevin B. Smith _eAuthor _985914 |
||
| 700 |
_aXInmin Tian _eAuthor _985915 |
||
| 942 |
_adpl _cEN _2ddc _mGER _h005.1 |
||
| 999 |
_c213881 _d213881 |
||